000 01557nam a2200385 c 4500
003 BLK
005 20180422110046.0
008 180409b bul|||||r ||||||| ||bul||
010 _aKNG00117223000
020 _a954-8748-43-6
_bиздат.: Орфей
040 _aBLK
041 _aBUL
_cBUL
080 _aЛитература
_b82
_x-1.01
_z82-1.01
080 _aЛитература
_b82
_x.09
_z82.09
100 1 _aМередит, Уйлям Уйлям
_eпърви автор
_9267171
700 1 _aКръстев, Валентин
_eпрев. от англ.
_9363643
139 _aМередит, Уйлям Уйлям
_bМ 49
245 1 0 _aОснования за поезия и основание за критика
_cУйлям Уйлям Мередит; прев. от англ. Валентин Кръстев.
257 _aUSA
260 София
_bОрфей
_c2003
_fСофия : Унив. изд. Св. Климент Охридски
300 _a46 с.
_c21 см
380 _a82
500 _aСъдържа и Уилям Мередит - един янки в двора на Родопа / Любомир Левчев. - Офс. изд. - 300 тир.
650 4 _aПоезия
_9166642
650 4 _aПоетика
_9166751
650 4 _aЛитературна критика
_9259009
653 _aпоетика
653 _aтеории
653 _aлитературна критика
852 _aЦб 223682
856 4 _qpdf
_u
856 4 _qpdf
_u
942 _cKNG
_n0
944 _aCR
_c25.04.2005
_kГеновева_Генчева
944 _aED
_c02.06.2005
_k
999 _c111871
_d111871